[Event "Stay Safe Play From Home 267"]
[Site "Emanuel Lasker Arena"]
[Date "2020.06.30"]
[Round "6"]
[White "Lazieri3"]
[Black "Tunca"]
[Result "1-0"]
[WhiteElo "2127"]
[BlackElo "1798"]
[Annotator "TA"]
[PlyCount "65"]
[EventDate "2020.06.30"]
[EventType "swiss (blitz)"]

{[%evp 11,65,-1,-7,-7,0,-31,0,-14,-7,-21,0,0,0,0,0,0,0,-23,23,29,30,0,0,0,0,0,84,-9,2,8,1,-41,-44,-52,95,10,30,7,150,144,144,146,183,136,131,121,240,234,251,246,300,296,333,335,335,332]} 1. e4 e5 2. Nf3 Nc6 3. Nc3 Bc5 4. Bc4 Nf6 5. d3 d6 6. h3 Na5 7. Bb3 {C50: Hungarian Defence and Giuoco Pianissimo.} c6 8. Be3 {[#]} Bb6 $146 (8... Bxe3 {keeps more tension.} 9. fxe3 O-O 10. O-O b5 11. Qe1 Bd7) ({Predecessor:} 8... Nxb3 9. axb3 Bb6 10. Bxb6 Qxb6 11. O-O O-O 12. Nh4 d5 13. Nf5 Qc7 14. Qf3 dxe4 15. dxe4 {1-0 (26) Anastasovski,N-Masse,H (2143) Montreal 2004}) 9. Bxb6 {The position is equal.} axb6 10. Ne2 Nxb3 11. axb3 Rxa1 12. Qxa1 O-O 13. O-O d5 14. exd5 Qxd5 15. Nc3 Qd6 16. Qa7 Qc7 17. Re1 Re8 18. b4 Bf5 (18... h6 $11) 19. Na4 (19. Nxe5 $1 $16 g6 20. Nf3 (20. f4 Nh5 $11)) 19... b5 20. Nc5 $36 {[%mdl 2048] White has good play.} Bc8 $1 21. Ng5 Nd5 22. c3 Qb6 (22... Qd6 $15 {keeps the upper hand.}) 23. Qb8 ({White should try} 23. Qxb6 $16 Nxb6 24. d4) 23... Qd8 $11 24. Nge4 {Threatens to win with Nd6.} Qc7 (24... b6 $11 {remains equal.} 25. Nb7 Bxb7 26. Qxb7 Qa8) 25. Qxc7 $16 Nxc7 26. Nd6 Rf8 27. Nxc8 (27. Rxe5 b6 $16) 27... Rxc8 28. Rxe5 $18 {KRN-KRN} Kf8 (28... b6 $16 {was necessary.}) 29. Nxb7 Ne6 30. Nc5 Nxc5 31. Rxc5 {White has a decisive advantage.} ({But not} 31. bxc5 $6 Ra8 $18) 31... Ke7 32. d4 Kd6 {[#]} 33. d5 $1 {Accuracy: White = 66%, Black = 54%.} 1-0

[Event "Stay Safe Play From Home 267"]
[Site "Emanuel Lasker Arena"]
[Date "2020.06.30"]
[Round "6"]
[White "Physikus"]
[Black "Haxhi Baha"]
[Result "1-0"]
[WhiteElo "1939"]
[BlackElo "2069"]
[Annotator "TA"]
[PlyCount "63"]
[EventDate "2020.06.30"]
[EventType "swiss (blitz)"]

{[%evp 11,63,-2,42,46,39,34,48,51,71,74,72,46,35,42,34,41,62,55,91,79,122,127,159,144,228,236,235,246,289,255,788,798,789,795,851,779,1106,1047,1860,1127,1129,1075,1300,1327,29985,29986,29986,29987,29983,29973,29997,29998,29998,29995]} 1. e4 e6 2. b3 c5 3. Bb2 Nc6 4. Nf3 a6 5. d4 cxd4 6. Nxd4 Nf6 7. Nxc6 {B40: Sicilian: 2...e6, Unusual lines.} bxc6 8. Nd2 Qa5 9. Bd3 {White is slightly better.} Bb4 10. a3 Bc3 11. Bxc3 Qxc3 12. O-O d5 13. Re1 {[#]} O-O $146 ({Predecessor:} 13... e5 14. exd5 cxd5 15. Re3 Qc7 16. Qe2 Ng4 17. Rg3 O-O 18. Re1 f5 19. h3 f4 {1-0 (33) Sikorova,O (2252)-Sharevich,A (2266) Mallorca 2004}) 14. Re3 $36 {[%mdl 2048] And now e5 would win. White has the initiative.} dxe4 {Black is on the road to losing.} 15. Nxe4 Nxe4 16. Bxe4 Qf6 17. Bxc6 Rd8 (17... Ra7 $16 18. c4 Rd8) 18. Bxa8 $18 Rxd1+ 19. Rxd1 h5 20. Red3 e5 $2 (20... Kh7 21. Rd8 Qc3) 21. Rd8+ {[%mdl 64] [#] Double Attack} Kh7 22. Rxc8 g6 23. Rcd8 Qb6 24. Be4 Qc5 25. R8d7 Kg7 26. h3 Qxa3 27. Bd5 Qb2 28. Rxf7+ {White mates.} Kh6 29. Be4 Qc3 {[#]} 30. Rf6 $1 a5 31. Rxg6+ Kh7 32. Rc6+ {Accuracy: White = 90%, Black = 32%.} 1-0

[Event "Stay Safe Play From Home 267"]
[Site "Emanuel Lasker Arena"]
[Date "2020.06.30"]
[Round "6"]
[White "Haris kollari 13"]
[Black "Dukic"]
[Result "0-1"]
[WhiteElo "1933"]
[BlackElo "1967"]
[Annotator "NA"]
[PlyCount "76"]
[EventDate "2020.06.30"]
[EventType "swiss (blitz)"]

1. e4 {[%emt 0:00:01]} c6 {[%emt 0:00:04]} 2. d4 {[%emt 0:00:05]} d6 {[%emt 0:00:00]} 3. f4 {[%emt 0:00:01]} Nd7 {[%emt 0:00:01]} 4. Nf3 {[%emt 0:00:01]} Qc7 {[%emt 0:00:02]} 5. Bd3 {[%emt 0:00:01]} e5 {[%emt 0:00:02]} 6. c3 {[%emt 0:00:02]} Be7 {[%emt 0:00:02]} 7. Be3 {[%emt 0:00:01]} Ngf6 {[%emt 0:00:01]} 8. h3 {[%emt 0:00:02]} O-O {[%emt 0:00:01]} 9. Nbd2 {[%emt 0:00:02]} b5 {[%emt 0:00:01]} 10. Qe2 {[%emt 0:00:01]} Bb7 {[%emt 0:00:01]} 11. f5 {[%emt 0:00:03]} Rfe8 {[%emt 0:00:02]} 12. g4 {[%emt 0:00:01]} Bf8 {[%emt 0:00:02]} 13. O-O-O {[%emt 0:00:24]} exd4 {[%emt 0:00:05]} 14. cxd4 {[%emt 0:00:03]} c5 {[%emt 0:00:12]} 15. d5 {[%emt 0:00:01]} c4 {[%emt 0:00:35]} 16. Bc2 {[%emt 0:00:01]} c3 {[%emt 0:00:06]} 17. bxc3 {[%emt 0:00:01]} Qxc3 {[%emt 0:00:02]} 18. Nb1 {[%emt 0:00:08]} Qc7 {[%emt 0:00:13]} 19. Nfd2 {[%emt 0:00:18]} Rac8 {[%emt 0:00:04]} 20. Qd3 {[%emt 0:00:02]} Nxd5 {[%emt 0:00:07]} 21. Nf1 {[%emt 0:00:42]} Nb4 {[%emt 0:00:05]} 22. Na3 {[%emt 0:00:26]} Nxd3+ {[%emt 0:00:06]} 23. Rxd3 {[%emt 0:00:01]} b4 {[%emt 0:00:02]} 24. Rh2 {[%emt 0:00:01]} bxa3 {[%emt 0:00:03]} 25. Rxa3 {[%emt 0:00:03]} Bxe4 {[%emt 0:00:02]} 26. Ng3 {[%emt 0:00:01]} Bxc2 {[%emt 0:00:04]} 27. Rxa7 {[%emt 0:00:01]} Qc6 {[%emt 0:00:18]} 28. Kd2 {[%emt 0:00:30]} Rxe3 {[%emt 0:00:08]} 29. Rxd7 {[%emt 0:00:04]} Rd3+ {[%emt 0:00:04]} 30. Ke2 {[%emt 0:00:01]} Qxd7 {[%emt 0:00:02]} 31. Nf1 {[%emt 0:00:02]} Re8+ {[%emt 0:00:04]} 32. Kf2 {[%emt 0:00:01]} Qa7+ {[%emt 0:00:03]} 33. Kg2 {[%emt 0:00:03]} Re2+ {[%emt 0:00:11]} 34. Kh1 {[%emt 0:00:03]} Rxh2+ {[%emt 0:00:21]} 35. Kxh2 {[%emt 0:00:01]} d5 {[%emt 0:00:04]} 36. f6 {[%emt 0:00:03]} Bd6+ {[%emt 0:00:01]} 37. Kg2 {[%emt 0:00:01]} Bd1 {[%emt 0:00:10]} 38. fxg7 {[%emt 0:00:02]} Bf3# {[%emt 0:00:02] (Lag: Av=0.45s, max=0.6s)} 0-1

[Event "Stay Safe Play From Home 267"]
[Site "Emanuel Lasker Arena"]
[Date "2020.06.30"]
[Round "6"]
[White "Redrooster"]
[Black "Johni"]
[Result "1-0"]
[WhiteElo "1888"]
[BlackElo "1820"]
[Annotator "NA RC"]
[PlyCount "67"]
[EventDate "2020.06.30"]
[EventType "swiss (blitz)"]

1. d4 {[%emt 0:00:01]} Nf6 {[%emt 0:00:05]} 2. c4 {[%emt 0:00:01]} e5 {[%emt 0:00:01]} 3. dxe5 {[%emt 0:00:02]} Ng4 {[%emt 0:00:01]} 4. Nf3 {[%emt 0:00:01]} Nc6 {[%emt 0:00:01]} 5. Bf4 {[%emt 0:00:02]} Bb4+ {[%emt 0:00:01]} 6. Nbd2 {[%emt 0:00:02]} Qe7 {[%emt 0:00:01]} 7. a3 {[%emt 0:00:01]} Ngxe5 {[%emt 0:00:01]} 8. Nxe5 {[%emt 0:00:01]} Nxe5 {[%emt 0:00:01]} 9. e3 {[%emt 0:00:00]} Bxd2+ {[%emt 0:00:02]} 10. Qxd2 {[%emt 0:00:01]} d6 {[%emt 0:00:00]} 11. Be2 {[%emt 0:00:03]} O-O {[%emt 0:00:01]} 12. O-O {[%emt 0:00:01]} b6 {[%emt 0:00:01]} 13. Bg3 {[%emt 0:00:07]} Bb7 {[%emt 0:00:01]} 14. b4 {[%emt 0:00:03]} a5 {[%emt 0:00:02]} 15. Rac1 {[%emt 0:00:06]} axb4 {[%emt 0:00:02]} 16. axb4 {[%emt 0:00:01]} f6 {[%emt 0:00:05]} 17. Rfd1 {[%emt 0:00:03]} h6 {[%emt 0:00:02]} 18. c5 {[%emt 0:00:07]} bxc5 {[%emt 0:00:02]} 19. bxc5 {[%emt 0:00:01]} dxc5 {[%emt 0:00:07]} 20. Qc3 {[%emt 0:00:04]} c4 {[%emt 0:00:09]} 21. Bxc4+ {[%emt 0:00:04]} Nxc4 {[%emt 0:00:01]} 22. Qxc4+ {[%emt 0:00:01]} Kh8 {[%emt 0:00:12]} 23. Qf4 {[%emt 0:00:10]} c5 {[%emt 0:00:08]} 24. Qf5 {[%emt 0:00:10]} Rfc8 {[%emt 0:00:07]} 25. Bd6 {[%emt 0:00:04]} Qe4 {[%emt 0:00:10]} 26. Qxe4 {[%emt 0:00:02]} Bxe4 {[%emt 0:00:01]} 27. Bxc5 {[%emt 0:00:02]} Ra2 {[%emt 0:00:10]} 28. Bd4 {[%emt 0:00:04]} Rb8 {[%emt 0:00:11]} 29. h3 {[%emt 0:00:14]} Rba8 {[%emt 0:00:09]} 30. Rc7 {[%emt 0:00:22]} Re2 {[%emt 0:00:05]} 31. Re7 {[%emt 0:00:16]} Raa2 {[%emt 0:00:13]} 32. Rxe4 {[%emt 0:00:11]} Rxf2 {[%emt 0:00:01]} 33. Rg4 {[%emt 0:00:01]} h5 {[%emt 0:00:02]} 34. Rg3 {[%emt 0:00:02] Johni Ñäàåòñÿ (Lag: Av=0.30s, max=0.7s)} 1-0

[Event "Stay Safe Play From Home 267"]
[Site "Emanuel Lasker Arena"]
[Date "2020.06.30"]
[Round "6"]
[White "Shervin_2016"]
[Black "Klasman"]
[Result "1-0"]
[WhiteElo "1742"]
[BlackElo "1678"]
[Annotator "NA"]
[PlyCount "51"]
[EventDate "2020.06.30"]
[EventType "swiss (blitz)"]

1. d4 {[%emt 0:00:02]} f5 {[%emt 0:00:19]} 2. e4 {[%emt 0:00:07]} fxe4 {[%emt 0:00:02]} 3. Nc3 {[%emt 0:00:04]} Nf6 {[%emt 0:00:01]} 4. Bg5 {[%emt 0:00:02]} d5 {[%emt 0:00:02]} 5. Bxf6 {[%emt 0:00:02]} exf6 {[%emt 0:00:08]} 6. Qh5+ {[%emt 0:00:01]} g6 {[%emt 0:00:06]} 7. Qxd5 {[%emt 0:00:04]} Qxd5 {[%emt 0:00:15]} 8. Nxd5 {[%emt 0:00:00]} Kd8 {[%emt 0:00:07]} 9. Nxf6 {[%emt 0:00:01]} Nc6 {[%emt 0:00:09]} 10. Nxe4 {[%emt 0:00:02]} Bg7 {[%emt 0:00:11]} 11. O-O-O {[%emt 0:00:03]} Bf5 {[%emt 0:00:05]} 12. f3 {[%emt 0:00:04]} Ke7 {[%emt 0:00:12]} 13. c3 {[%emt 0:00:10]} a5 {[%emt 0:00:06]} 14. Bb5 {[%emt 0:00:02]} a4 {[%emt 0:00:04]} 15. Bxc6 {[%emt 0:00:01]} bxc6 {[%emt 0:00:01]} 16. a3 {[%emt 0:00:02]} Rhb8 {[%emt 0:00:06]} 17. Nh3 {[%emt 0:00:02]} Rb3 {[%emt 0:00:06]} 18. Nc5 {[%emt 0:00:10]} Rb5 {[%emt 0:00:17]} 19. Rhe1+ {[%emt 0:00:09]} Kf6 {[%emt 0:00:11]} 20. Ne4+ {[%emt 0:00:02]} Kf7 {[%emt 0:00:10]} 21. g4 {[%emt 0:00:09]} Bd7 {[%emt 0:00:24]} 22. Nc5 {[%emt 0:00:15]} Bc8 {[%emt 0:00:29]} 23. f4 {[%emt 0:00:08]} Rab8 {[%emt 0:00:08]} 24. Re2 {[%emt 0:00:06]} Bxg4 {[%emt 0:00:03]} 25. Red2 {[%emt 0:00:07]} Bxd1 {[%emt 0:00:06]} 26. Kxd1 {[%emt 0:00:10] Time (Lag: Av=0.47s, max=0.7s)} 1-0

[Event "Stay Safe Play From Home 267"]
[Site "Emanuel Lasker Arena"]
[Date "2020.06.30"]
[Round "6"]
[White "matanant"]
[Black "Erdema"]
[Result "1-0"]
[WhiteElo "1701"]
[BlackElo "1642"]
[Annotator "NA RC"]
[PlyCount "107"]
[EventDate "2020.06.30"]
[EventType "swiss (blitz)"]

1. e4 {[%emt 0:00:03]} e5 {[%emt 0:00:01]} 2. f4 {[%emt 0:00:01]} Nc6 {[%emt 0:00:02]} 3. Nf3 {[%emt 0:00:00]} d6 {[%emt 0:00:01]} 4. d4 {[%emt 0:00:02]} exd4 {[%emt 0:00:03]} 5. Nxd4 {[%emt 0:00:01]} Bd7 {[%emt 0:00:01]} 6. Nc3 {[%emt 0:00:02]} Be7 {[%emt 0:00:02]} 7. Be3 {[%emt 0:00:07]} Nf6 {[%emt 0:00:01]} 8. Bd3 {[%emt 0:00:04]} Ng4 {[%emt 0:00:02]} 9. Qd2 {[%emt 0:00:02]} Bh4+ {[%emt 0:00:04]} 10. g3 {[%emt 0:00:02]} Be7 {[%emt 0:00:04]} 11. Bg1 {[%emt 0:00:01]} O-O {[%emt 0:00:03]} 12. O-O-O {[%emt 0:00:01]} Nxd4 {[%emt 0:00:06]} 13. Bxd4 {[%emt 0:00:03]} Bf6 {[%emt 0:00:01]} 14. Bxf6 {[%emt 0:00:02]} Nxf6 {[%emt 0:00:04]} 15. h3 {[%emt 0:00:02]} Bc6 {[%emt 0:00:03]} 16. g4 {[%emt 0:00:03]} Nd7 {[%emt 0:00:03]} 17. h4 {[%emt 0:00:06]} Nc5 {[%emt 0:00:02]} 18. g5 {[%emt 0:00:02]} Re8 {[%emt 0:00:06]} 19. Rde1 {[%emt 0:00:01]} Nxd3+ {[%emt 0:00:03]} 20. Qxd3 {[%emt 0:00:04]} a6 {[%emt 0:00:04]} 21. h5 {[%emt 0:00:03]} Re6 {[%emt 0:00:07]} 22. h6 {[%emt 0:00:01]} g6 {[%emt 0:00:02]} 23. Qd4 {[%emt 0:00:02]} Qf8 {[%emt 0:00:03]} 24. Nd5 {[%emt 0:00:04]} Bxd5 {[%emt 0:00:04]} 25. exd5 {[%emt 0:00:01]} Ree8 {[%emt 0:00:05]} 26. Qf6 {[%emt 0:00:13]} Rad8 {[%emt 0:00:10]} 27. f5 {[%emt 0:00:02]} a5 {[%emt 0:00:07]} 28. Rhf1 {[%emt 0:00:09]} Rc8 {[%emt 0:00:11]} 29. c4 {[%emt 0:00:11]} b6 {[%emt 0:00:03]} 30. Kd2 {[%emt 0:00:02]} Rcd8 {[%emt 0:00:04]} 31. Kd3 {[%emt 0:00:03]} Rc8 {[%emt 0:00:02]} 32. b3 {[%emt 0:00:02]} Rcd8 {[%emt 0:00:02]} 33. fxg6 {[%emt 0:00:04]} fxg6 {[%emt 0:00:09]} 34. Re6 {[%emt 0:00:03]} Qxf6 {[%emt 0:00:04]} 35. Rfxf6 {[%emt 0:00:02]} Rxe6 {[%emt 0:00:08]} 36. dxe6 {[%emt 0:00:03]} Rf8 {[%emt 0:00:07]} 37. Ke4 {[%emt 0:00:03]} c6 {[%emt 0:00:06]} 38. e7 {[%emt 0:00:05]} Re8 {[%emt 0:00:02]} 39. Rxd6 {[%emt 0:00:03]} Rxe7+ {[%emt 0:00:01]} 40. Kf4 {[%emt 0:00:01]} Rc7 {[%emt 0:00:06]} 41. Ke5 {[%emt 0:00:02]} Kf7 {[%emt 0:00:02]} 42. Rd8 {[%emt 0:00:04]} Re7+ {[%emt 0:00:09]} 43. Kd6 {[%emt 0:00:01]} c5 {[%emt 0:00:02]} 44. Rh8 {[%emt 0:00:03]} Re2 {[%emt 0:00:03]} 45. Rxh7+ {[%emt 0:00:02]} Kf8 {[%emt 0:00:02]} 46. Rb7 {[%emt 0:00:04]} Rxa2 {[%emt 0:00:05]} 47. h7 {[%emt 0:00:03]} Rh2 {[%emt 0:00:02]} 48. Ke6 {[%emt 0:00:04]} Rh5 {[%emt 0:00:11]} 49. Kf6 {[%emt 0:00:01]} Ke8 {[%emt 0:00:08]} 50. Kxg6 {[%emt 0:00:02]} Rh3 {[%emt 0:00:02]} 51. Rxb6 {[%emt 0:00:02]} Kd7 {[%emt 0:00:05]} 52. Kg7 {[%emt 0:00:01]} Kc7 {[%emt 0:00:02]} 53. Rb5 {[%emt 0:00:01]} Kc6 {[%emt 0:00:02]} 54. g6 {[%emt 0:00:01] Erdema terk eder (Lag: Av=0.81s, max=1.1s)} 1-0

[Event "Stay Safe Play From Home 267"]
[Site "Emanuel Lasker Arena"]
[Date "2020.06.30"]
[Round "7"]
[White "Haxhi Baha"]
[Black "Weltszmerc"]
[Result "0-1"]
[WhiteElo "2046"]
[BlackElo "2154"]
[Annotator "TA"]
[PlyCount "60"]
[EventDate "2020.06.30"]
[EventType "swiss (blitz)"]

{[%evp 11,60,35,56,56,56,56,56,62,67,45,67,22,237,17,10,0,0,0,72,-71,-50,-52,-77,-124,-108,-113,38,-107,-104,-497,-506,-550,-557,-537,-528,-906,-788,-833,-859,-910,-892,-1120,-1096,-1594,-525,-12831,-12831,-29987,-29988,-29990,-29989]} 1. e4 Nf6 2. e5 Nd5 3. c4 Nb6 4. d4 d6 5. exd6 cxd6 6. Nc3 Bf5 7. Nf3 {B03: Alekhine's Defence: Four Pawns Attack.} e6 8. Bd3 Bxd3 9. Qxd3 {White is slightly better.} Be7 10. b3 O-O {[#]} 11. h4 $146 ({Predecessor:} 11. O-O d5 12. c5 N6d7 13. Bf4 Nc6 14. Nb5 a6 15. Nd6 b6 16. Nb7 Qc8 17. Nd6 Qb8 18. Qd2 Qa7 19. b4 bxc5 20. bxc5 Bf6 21. Rab1 Rab8 22. Bg3 {½-½ (22) Stypka,Z-Flak,P Krynica 1998}) 11... h6 $2 {[#]} (11... Nc6 $11 {and Black stays safe.}) 12. Rh3 $2 ({White has to play} 12. Ng5 $1 $18 {[%mdl 512]} hxg5 (12... Bxg5 13. hxg5) 13. hxg5) 12... Nc6 $11 13. Rg3 {Strongly threatening Bxh6.} Kh8 $1 ({But not} 13... Bxh4 $6 14. Rg4 $16) 14. Be3 e5 (14... d5 $11) 15. O-O-O {[#]} (15. Qd2 $16 {keeps the pressure on.}) 15... f5 $1 $17 16. dxe5 dxe5 {And now ...Qxd3 would win.} 17. Bxb6 Qxd3 18. Rxd3 e4 $2 (18... axb6 $17 19. Rd7 Rf7) 19. Rd7 (19. Bd4 $1 $14 {was forced to keep a grip.} Rf7 20. Rd1 exf3 21. Rxf3) 19... axb6 20. Ne5 $2 {[%mdl 8192]} (20. Ne1 $17) 20... Ba3+ $19 21. Kc2 Nxe5 22. Rxb7 Ng4 23. f3 Bd6 24. Rh3 Nf2 25. fxe4 Nxh3 26. gxh3 f4 27. Rxb6 f3 (27... Bc5 $142 28. Rb7 f3) 28. Nd1 Rxa2+ 29. Kb1 Rd2 30. Ne3 {[#]} Bc5 $1 {Accuracy: White = 24%, Black = 68%.} 0-1

[Event "Stay Safe Play From Home 267"]
[Site "Emanuel Lasker Arena"]
[Date "2020.06.30"]
[Round "7"]
[White "Dukic"]
[Black "Lazieri3"]
[Result "0-1"]
[WhiteElo "1982"]
[BlackElo "2131"]
[Annotator "TA"]
[PlyCount "64"]
[EventDate "2020.06.30"]
[EventType "swiss (blitz)"]

{[%evp 14,64,26,24,21,21,25,28,60,44,64,39,47,9,25,-16,0,-20,-20,-22,-24,-116,-124,-132,0,0,0,0,0,0,0,0,0,0,10,0,10,-35,11,17,12,11,97,0,5,8,253,258,229,0,454,-27,40]} 1. c4 c6 2. Nc3 d5 3. cxd5 cxd5 4. d4 Nc6 5. Nf3 Nf6 6. Bf4 e6 7. e3 Bd6 8. Bg5 h6 {D13: Slav Defence: Exchange variation without ...Bf5.} 9. Bh4 O-O 10. Bd3 Re8 {White has an edge.} 11. O-O {[#]} e5 $146 {aiming for ...e4.} ({Predecessor:} 11... Qb6 12. Bxf6 gxf6 13. Na4 Qc7 14. Rc1 e5 15. dxe5 fxe5 16. Nc3 d4 17. exd4 exd4 {1-0 (52) Stasius,V-Labunec,D Klaipeda 2001}) 12. dxe5 (12. Bxf6 {is interesting.} Qxf6 13. Nxd5 Qd8 14. dxe5 Nxe5 15. Be4) 12... Nxe5 13. Nxd5 Nxd3 14. Bxf6 Bxh2+ $1 {[%mdl 64] Discovered Attack} 15. Kxh2 Qxd5 16. Bd4 Nb4 17. Qa4 (17. Bc3 $11) 17... Nc6 $17 18. Bc3 Qh5+ (18... Re4 $17 19. Qd1 Qh5+ 20. Kg1 Bg4) 19. Kg1 $11 Bg4 20. Nh2 Be6 21. Rfd1 Rad8 22. Rxd8 Rxd8 23. a3 $40 {[%mdl 128] Black needs to defend precisely.} a6 24. Qc2 Rd5 25. e4 Rg5 26. f4 Rg3 {Hoping for ...Bh3.} 27. f5 {[#]} Bc4 (27... Bb3 $1 $11 {[%mdl 512] remains equal.} 28. Qf2 (28. Qxb3 {leads to mate.} Qe2 {[%mdl 64] Double Attack} 29. Qc2 Qxc2 30. Bd2 Qxd2 31. Kf1 Rxg2 32. Nf3 Qf2#) 28... Rd3) 28. Re1 ({White should try} 28. Be1 $1 $16 {[%cal Re1g3]} Bb3 29. Qd2) 28... Qg5 29. Qf2 {And now Nf3 would win.} f6 $2 (29... Rd3 $11 {and Black stays safe.}) 30. Nf3 $18 Qg4 {[#] intending ...Rh3.} 31. Nh2 $2 (31. Kh2 $1 $18 Rxf3 32. gxf3 Qh5+ 33. Kg2) 31... Qh4 $2 {[%mdl 8192]} (31... Qg5 $1 $11 {and Black is okay.}) 32. Nf1 $2 (32. Re3 $18 Rg4 33. Nxg4 Qxg4 {[#]} 34. Bxf6 $1 {[%mdl 512]}) 32... Rg4 {[%mdl 32768] Accuracy: White = 56%, Black = 55%. . Loss on time!?} (32... Bxf1 $1 $11 33. Rxf1 Qg4) 0-1

[Event "Stay Safe Play From Home 267"]
[Site "Emanuel Lasker Arena"]
[Date "2020.06.30"]
[Round "7"]
[White "Redrooster"]
[Black "Physikus"]
[Result "0-1"]
[WhiteElo "1902"]
[BlackElo "1962"]
[Annotator "TA"]
[PlyCount "64"]
[EventDate "2020.06.30"]
[EventType "swiss (blitz)"]

{[%evp 11,64,0,0,-593,-6,-15,0,15,16,0,36,38,28,23,51,53,141,151,208,191,192,180,189,79,111,18,197,184,220,212,214,143,156,12,194,194,197,110,124,-452,-458,-606,-606,-1076,-806,-4802,-1333,-29966,-12849,-29969,-29972,-29970,-29973,-29973,-29974]} 1. d4 Nf6 2. c4 e6 3. Nc3 d5 4. Nf3 dxc4 5. Bg5 Bb4 6. Qa4+ Nc6 7. Ne5 $2 {[%mdl 8192] [#] D39: Queen's Gambit Declined: Ragozin Defence with 5 Bg5 dxc4.} (7. a3 $11 Bxc3+ 8. bxc3) 7... Bd7 $146 ({Black should play} 7... Qxd4 $19 8. Bd2 Qxe5) ({Predecessor:} 7... Qxd4 8. Nxc6 Bxc3+ 9. bxc3 Qxc3+ 10. Bd2 Qxa1+ 11. Qd1 Qxd1+ 12. Kxd1 bxc6 13. e3 Ba6 14. g3 O-O-O {0-1 (29) Back,A (1568)-Ottaviani,G (1935) Arco 2018}) 8. Nxc6 $11 Bxc3+ $1 9. bxc3 {The position is equal.} Bxc6 10. Qxc4 O-O (10... h6 $5 {[%cal Rh6g5]} 11. Bh4 g5 $11) 11. f3 h6 12. Bh4 Bd5 13. Qd3 {[#]} g5 {[#]} (13... c5 $1 $14 {[%mdl 512]}) 14. Bf2 $1 $16 c5 (14... Bc6 $16) 15. e4 (15. dxc5 $6 Bc6 $16) 15... Bc6 16. h4 {Strongly threatening hxg5.} (16. dxc5 $6 Nh5 $16) 16... g4 17. e5 (17. dxc5 $6 Qxd3 18. Bxd3 Nd7 $16) (17. Qe3 $18 {has better winning chances.}) 17... Nd5 {[#]} 18. fxg4 ({Better is} 18. Qd2 $1 $16) 18... cxd4 $2 (18... Qa5 $1 $11) 19. Bxd4 $18 ({Stronger than} 19. Qxd4 Qa5 $11) 19... Qa5 20. Qd2 Rad8 21. Rh3 ({Worse is} 21. Qxh6 Nxc3 22. Qg5+ Kh7 $11) 21... Ne7 22. Kf2 (22. Rg3 $16) 22... Rxd4 $2 (22... f6 $1 $11 {and Black has nothing to worry.} 23. exf6 (23. Qxh6 fxe5+ 24. Rf3 Bxf3 $11) 23... Rxf6+ 24. Kg1 e5) 23. Qxd4 Rd8 24. Qf4 (24. Qe3 $18) 24... Qb6+ $16 25. Qe3 $2 {[%mdl 8192]} (25. Ke1 $16 {stays on course.}) 25... Qb2+ $19 {[%mdl 64] Double Attack} 26. Kg1 {Re1 is the strong threat.} Qxa1 27. Qxh6 {[#] and the idea Qg5+ leaves White hopeful.} Rd1 $1 28. Qf4 Ng6 29. Qf2 Bb5 {[%cal Rd1f1]} 30. Rf3 Rxf1+ {Black mates.} 31. Qxf1 Bxf1 32. Rxf1 Qxc3 {Never resign too early! Accuracy: White = 27%, Black = 51%.} 0-1